000 00498cam a22002054a 4500
005 20250605164151.0
008 250528s ||||||||||||||||||||||||d
035 _a19376
020 _a9607266040
040 _aGR-AtMCL
_bgre
_dGR-AtMCL
_eAACR2
245 1 _aΑΣ ΠΑΙΞΟΥΜΕ ΜΕΛΩΔΙΕΣ ΣΤΗ ΦΛΟΓΕΡΑ
250 _a3
260 _c2003
300 _a95
700 1 _aOrpheus
_95624
700 1 _aPitts John
_95625
942 _cBK
999 _c4632
_d4632